00290nam a2200121Ia 4500008004100000041000900041082001500050100002900065245001800094260003900112300000900151650000800160230718s9999 xx 000 0 und d aEng. a347bKHA-T aKhan gul Muhammad Justic 4aThe major Act aPakistanbLaw book publisherc2012 a1179 aLaw